书目信息 |
| 题名: |
列宁关于政治经济学基本原理的论述
|
|
| 作者: | ;中央党校经典著作选编组 编 | |
| 分册: | ||
| 出版信息: | 北京 中共中央党校出版社 1985.04 |
|
| 页数: | 257页 | |
| 开本: | 21cm | |
| 丛书名: | ||
| 单 册: | ||
| 中图分类: | A266 | |
| 科图分类: | ||
| 主题词: | 列宁著作--专题汇编--经济 | |
| 电子资源: | ||
| ISBN: | ||
| 000 | 00695nam0 2200193 45 | |
| 001 | 0181023581 | |
| 005 | 20060413142713.87 | |
| 010 | @dCNY1.30 | |
| 091 | @a1230.171 | |
| 100 | @a20810111d km y0chiy0120 ea | |
| 101 | 0 | @achi |
| 200 | 1 | @a列宁关于政治经济学基本原理的论述@ALIE NING GUAN YU ZHENG ZHI JING JI XUE JI BEN YUAN LI DE LUN@f中央党校经典著作选编组编@Fzhong yang dang xiao jing dian zhu zuo xuan bian zu bian |
| 210 | @a北京@c中共中央党校出版社@d1985.04 | |
| 215 | @a257页@d21cm | |
| 606 | 0 | @a列宁著作@x专题汇编@x经济 |
| 690 | @aA266@v3 | |
| 711 | 0 | @a中央党校经典著作选编组@Azhong yang dang xiao jing dian zhu zuo xuan bian zu@4编 |
| 801 | @aCN@bTSTC@c20060413 | |
| 905 | @dA266@e27 | |
| 列宁关于政治经济学基本原理的论述/中央党校经典著作选编组编.-北京:中共中央党校出版社,1985.04 |
| 257页;21cm |
| ISBN :CNY1.30 |
| ● |
| 相关链接 |
|
|
|
|
正题名:列宁关于政治经济学基本原理的论述
索取号:A266/27
 
预约/预借
| 序号 | 登录号 | 条形码 | 馆藏地/架位号 | 状态 | 备注 |
| 1 | 0153084 | 202250991 | 密集书库/ [索取号:A266/27] | 在馆 | |
| 2 | 0153085 | 000950251 | 第一借阅区/ [索取号:A266/27] | 在馆 | |
| 3 | 0153086 | 001979951 | 第一借阅区/ [索取号:A266/27] | 在馆 | |
| 4 | 0153087 | 000949950 | 第一借阅区/ [索取号:A266/27] | 在馆 | |
| 5 | 0153088 | 000950037 | 第一借阅区/ [索取号:A266/27] | 在馆 | |
| 6 | 0153089 | 000950073 | 第一借阅区/ [索取号:A266/27] | 在馆 | |
| 7 | 0153090 | 000949996 | 第一借阅区/ [索取号:A266/27] | 在馆 | |
| 8 | 0153091 | 000950215 | 第一样本阅览室/ [索取号:A266/27] | 在馆 |